| 000 | 01010nam a2200265Ia 4500 | ||
|---|---|---|---|
| 003 | OSt | ||
| 005 | 20220923211011.0 | ||
| 006 | a|||||r|||| 00| 0 | ||
| 007 | ta | ||
| 008 | 220922b |||||||| |||| 00| 0 hin d | ||
| 020 |
_a8170551382 (hbk) _c450 |
||
| 024 | _a241,011 | ||
| 037 |
_b492, 04/03/2010, Vani Prakashan _cTextual |
||
| 040 |
_aARTS _cARTS _bhin |
||
| 041 |
_2hin _ahin |
||
| 082 | _aO152:g, P2;P7 | ||
| 100 |
_aपालीवाल, कृष्णदत्त _9157004 |
||
| 245 | 0 | _aहिन्दी आलोचना के नये वैचारिक सरोकार | |
| 246 | _aHindī ālochanā ke naye vaichārik sarokāra | ||
| 250 | _aद्वितीय संस्करण | ||
| 260 |
_aनयी दिल्ली _b वाणी प्रकाशन _c2007 |
||
| 300 |
_a453पृ. _ccm. |
||
| 942 |
_hO152:g, P2;P7 _cTEXL _2CC |
||
| 999 |
_c293717 _d293717 |
||